Normal view
MARC view
Entry Personal Name
001 - CONTROL NUMBER
- control field: 630
003 - CONTROL NUMBER IDENTIFIER
- control field: BD-RjUL
005 - DATE AND TIME OF LATEST TRANSACTION
- control field: 20220110124634.0
008 - FIXED-LENGTH DATA ELEMENTS
- fixed length control field: 220110|| aca||aabn | a|a d
040 ## - CATALOGING SOURCE
- Original cataloging agency: BD-RjUL
- Transcribing agency: BD-RjUL
100 ## - HEADING--PERSONAL NAME
- Personal name: Wibaut, J.P. , jt. auth
670 ## - SOURCE DATA FOUND
- Source citation: Work cat.: (BD-RjUL)70731: Holleman, A. F. 209366, Organic chemistry /, 1951.